书目信息 |
| 题名: |
领导者的战略思维
|
|
| 作者: | 李江涛 著 | |
| 分册: | ||
| 出版信息: | 北京 人民日报出版社 2015 |
|
| 页数: | 181页 | |
| 开本: | 24cm | |
| 丛书名: | 人民日报学术文库 | |
| 单 册: | ||
| 中图分类: | F272.91 | |
| 科图分类: | ||
| 主题词: | 企业领导学 | |
| 电子资源: | ||
| ISBN: | 978-7-5115-2796-7 | |
| 000 | 01025nam0 2200253 450 | |
| 001 | 337849 | |
| 005 | 20150529084101.81 | |
| 010 | @a978-7-5115-2796-7@dCNY36.00 | |
| 100 | @a20150414d2015 em y0chiy50 ea | |
| 101 | 0 | @achi |
| 102 | @aCN@b110000 | |
| 105 | @ay z 000yy | |
| 106 | @ar | |
| 200 | 1 | @a领导者的战略思维@Aling dao zhe de zhan lve si wei@f李江涛著 |
| 210 | @a北京@c人民日报出版社@d2015 | |
| 215 | @a181页@d24cm | |
| 225 | 1 | @a人民日报学术文库 |
| 330 | @a本书共分五章, 第一章重点讲述战略思维的重要价值, 分析它能帮企业领导者解决什么问题;第二章讲述战略思维的研究现状和研究战略思维要处理好的几个关系;第三章分别从“怎么看”、“怎么想”和“怎么做”三个方面讲述战略思维内容的具体表现;第四章阐述培养战略思维的内在心理环境和外部时代环境;第五章重点讲述企业领导者培养战略思维的能力需要从哪些方面着手以及如何培养。 | |
| 410 | 0 | @12001 @a人民日报学术文库 |
| 606 | 0 | @a企业领导学 |
| 690 | @aF272.91@v5 | |
| 701 | 0 | @a李江涛@Ali jiang tao@4著 |
| 801 | 0 | @aCN@b卓展宏图@c20150525 |
| 905 | @dF272.91@e1192@f4 | |
| 领导者的战略思维/李江涛著.-北京:人民日报出版社,2015 |
| 181页;24cm.-(人民日报学术文库) |
| ISBN 978-7-5115-2796-7:CNY36.00 |
| 本书共分五章, 第一章重点讲述战略思维的重要价值, 分析它能帮企业领导者解决什么问题;第二章讲述战略思维的研究现状和研究战略思维要处理好的几个关系;第三章分别从“怎么看”、“怎么想”和“怎么做”三个方面讲述战略思维内容的具体表现;第四章阐述培养战略思维的内在心理环境和外部时代环境;第五章重点讲述企业领导者培养战略思维的能力需要从哪些方面着手以及如何培养。 |
| ● |
| 相关链接 |
|
|
|
|
正题名:领导者的战略思维
索取号:F272.91/1192
 
预约/预借
| 序号 | 登录号 | 条形码 | 馆藏地/架位号 | 状态 | 备注 |
| 1 | 856416 | 208564169 | 第一样本阅览室/ [索取号:F272.91/1192] | 在馆 | |
| 2 | 856417 | 208564178 | 第一借阅区/ [索取号:F272.91/1192] | 在馆 | |
| 3 | 856418 | 208564187 | 第一借阅区/ [索取号:F272.91/1192] | 在馆 | |
| 4 | 856419 | 208564196 | 密集书库-海洋学院/ [索取号:F272.91/1192] | 在馆 |